| 000 | 00789nam a22001817a 4500 | ||
|---|---|---|---|
| 005 | 20260209113519.0 | ||
| 008 | 260209b |||||||| |||| 00| 0 eng d | ||
| 020 | _a9789355735676 | ||
| 040 | _cVITAP | ||
| 082 |
_223rd Ed. _a658.421 BAT |
||
| 100 |
_aBatra, Safal _917005 |
||
| 245 |
_aEntrepreneurship _b: New Venture Management _c/ Safal Batra |
||
| 250 | _a2nd Ed. | ||
| 260 |
_aNew Delhi _bCengage Learning India Pvt. Ltd. _c2025 |
||
| 300 | _axi, 164, (A-1 to A-13), (S-1 to S-40), (E-1 to E-30), L-1, (I-1 to I-4)p. : ill. ; 24cm | ||
| 650 | 0 |
_aEntrepreneurship; New business enterprises; Small business - Management; Business planning; Innovation management; Entrepreneurs; Venture capital; Strategic management; Business enterprises - Management _917006 |
|
| 942 |
_2ddc _cBK |
||
| 999 |
_c47243 _d47243 |
||